| 000 | 00351nam a22001457a 4500 | ||
|---|---|---|---|
| 005 | 20250702174236.0 | ||
| 008 | 250702b |||||||| |||| 00| 0 eng d | ||
| 020 | _a9780310455714 | ||
| 050 |
_aBS2397 _bMOR |
||
| 100 | _aMORRIS LEON | ||
| 245 | _aNEW TESTAMENT THEOLOGY | ||
| 260 |
_aMICHIGAN _bZONDERVAN _cc1986 |
||
| 300 | _a368p | ||
| 942 |
_2lcc _cBK _n0 |
||
| 999 |
_c6820 _d6820 |
||